000 00641cam a22002293a 4500
001 26600
003 PGUSA
005 20140828083556.0
008 080912s2008||||xxu|||||s|||||000 | eng d
040 _aPGUSA
_beng
042 _adc
050 4 _aHX
245 1 0 _aMother Earth, Vol. 1 No. 1, March 1906
_h[electronic resource] /
_cVarious
260 _bProject Gutenberg,
_c2008
506 _aPublic domain in the USA.
516 _aElectronic text
653 _aAnarchism -- Periodicals
700 1 _aGoldman, Emma,
_d1869-1940
830 0 _aProject Gutenberg
_v26600
856 4 0 _uhttp://www.gutenberg.org/ebooks/26600
942 _cEB
999 _c255855
_d255855